| 000 | 00932nam a22001937a 4500 | ||
|---|---|---|---|
| 005 | 20251220133457.0 | ||
| 020 | _a9788171305346 | ||
| 082 | _a823 KAH | ||
| 100 |
_aKahlil Gibran _91195 |
||
| 245 | _aThe Prophet | ||
| 250 | _a1 | ||
| 260 |
_aDC Books _bKottayam _c2016 |
||
| 300 | _aNumber of pages : 110 | ||
| 500 | _aCategory : Poetry | ||
| 520 | _aKahlil Gibran’s literary and artistic works are highly romantic in outlook and influenced by the Bible, Nietzsche and William Blake. His writings, which deal with such themes as love, death, nature and a longing for the homeland, are full of lyrical outpourings and are expressive of Gibran’s deeply religious and mystic nature. The Prophet, his most famous work, written in the best Sufi tradition, reminiscent of the psalms and hymns of the Bible, is the self-manifestation of this prophetic vision. | ||
| 546 | _aLanguage : English | ||
| 650 |
_aGEN _92 |
||
| 942 | _cBK | ||
| 999 |
_c38119 _d38119 |
||